000 00333nam a22001457a 4500
008 210311b ||||| |||| 00| 0 eng d
020 _a9780596008796
041 _aeng
080 _a004
082 _a004
100 _a28
101 _aSHKI
245 _aExcel Scientific and Engineering Cookbook
_cBourg, D. M
942 _2udc
_cBK
999 _c56461
_d56461